000 01449nam a2200385 a 4500
001 ebr5000250
003 CaPaEBR
006 m u
007 cr cn|||||||||
008 020718s2000 ne sb 001 0 eng
010 _z 00022619
015 _aGBA2-48197
016 7 _a9027250928
_2Uk
020 _z9027250928
020 _z1556199244(J. Benjamins)
040 _aCaPaEBR
_cCaPaEBR
035 _a(OCoLC)70764683
050 1 4 _aP325.5.R44
_bM38 2000eb
082 0 4 _a401.41
_221
100 1 _aMatsui, Tomoko.
245 1 0 _aBridging and relevance
_h[electronic resource] /
_cTomoko Matsui.
260 _aAmsterdam ;
_a[Great Britain] :
_bJ. Benjamins Pub,
_cc2000.
300 _axi, 247 p.
490 1 _aPragmatics & beyond. New series,
_x0922-842x ;
_v76
502 _aOriginally presented as the author's thesis-University College, London, 1995.
504 _aIncludes bibliographical references and index.
533 _aElectronic reproduction.
_bPalo Alto, Calif. :
_cebrary,
_d2013.
_nAvailable via World Wide Web.
_nAccess may be limited to ebrary affiliated libraries.
650 0 _aReference (Linguistics)
650 0 _aRelevance.
650 0 _aPragmatics.
655 7 _aElectronic books.
_2local
710 2 _aebrary, Inc.
830 0 _aPragmatics & beyond ;
_vnew ser. 76.
856 4 0 _uhttp://site.ebrary.com/lib/rucke/Doc?id=5000250
_zAn electronic book accessible through the World Wide Web; click to view
999 _c17677
_d17677